Góc sân, khoảng trời

Salvato in:
Dettagli Bibliografici
Natura: Libro
Pubblicazione: 2006
Tags: Aggiungi Tag
Nessun Tag, puoi essere il primo ad aggiungerne! !
Thư viện lưu trữ: Mạng thư viện Đại học Đà Nẵng
LEADER 00438nam a22001811a 4500
001 000040979
003 17274
005 20160412023718.0
008 160412s2006 000
082 |a V(23)418 
245 |a Góc sân, khoảng trời  |c Trần Đăng Khoa 
260 |c 2006 
OWN |a LNN 
999 |a From the UDN01 
TYP |a Monograph 
980 |a Mạng thư viện Đại học Đà Nẵng